000 00252nam a22001217a 4500
008 170831b xxu||||| |||| 00| 0 eng d
041 _aeng
080 _a070
100 _a40
101 _aMED
245 _aCOMMUNICATE
_cVERDERBEN.K
942 _2udc
_cBK
999 _c25899
_d25899